[Event "Bristol Summer 2017 Fide Open"]
[Site "Bristol"]
[Date "2017.06.11"]
[Round "5.11"]
[White "Morris, Gareth L"]
[Black "Timmins, Chris P"]
[Result "1-0"]
[WhiteElo "2059"]
[BlackElo "1792"]
[PlyCount "149"]
[EventDate "2017.06.09"]
[EventCountry "ENG"]

1. d4 e6 2. c4 Nf6 3. Nf3 Bb4+ 4. Bd2 Qe7 5. Qc2 Bxd2+ 6. Nbxd2 d6 7. e4 e5 8.
d5 O-O 9. g3 a5 10. Bg2 Na6 11. O-O Ne8 12. a3 f5 13. exf5 Bxf5 14. Qd1 Nf6 15.
Re1 Qd7 16. b3 Bg4 17. Qc2 Nc5 18. b4 Bf5 19. Qc3 Nd3 20. Red1 Ng4 21. bxa5
Ngxf2 22. Rf1 e4 23. Nd4 Nh3+ 24. Bxh3 Bxh3 25. Rxf8+ Rxf8 26. Nxe4 Nc5 27. Ng5
h6 28. Nxh3 Qxh3 29. Qe3 Ra8 30. Rf1 Qd7 31. Nf5 Re8 32. Qf3 Re4 33. Nxh6+ Kh7
34. Nf7 Qg4 35. Qxg4 Rxg4 36. Rf4 Rxf4 37. gxf4 Nb3 38. Nd8 Nxa5 39. a4 b6 40.
Kf2 Nxc4 41. Ne6 Nb2 42. Nxc7 Nxa4 43. Ke3 Nc5 44. f5 Kg8 45. Nb5 Nb7 46. Kf4
Kf7 47. Kg5 Kg8 48. Kg6 Kf8 49. h3 Kg8 50. f6 gxf6 51. Kxf6 Kh7 52. Ke6 Kg6 53.
Nxd6 Nc5+ 54. Ke7 Kg5 55. Nb5 Ne4 56. Ke6 Kh4 57. Ke5 Nc5 58. d6 Kxh3 59. Kd5
Kg4 60. Kc6 Kg5 61. Kxb6 Nd7+ 62. Kc7 Nf6 63. Kc6 Kf5 64. Nc7 Ke4 65. Ne8 Ng4
66. Kc7 Ne5 67. Nf6+ Kf4 68. Ng8 Kf5 69. Ne7+ Ke6 70. Nc6 Nf7 71. d7 Kd5 72.
Ne7+ Ke5 73. Ng8 Kd5 74. Nh6 Ng5 75. d8=Q+ 1-0

[Event "Bristol Summer 2017 Fide Open"]
[Site "Bristol"]
[Date "2017.06.11"]
[Round "5.12"]
[White "Meek, Stephen J"]
[Black "Turner, Joseph D"]
[Result "1-0"]
[WhiteElo "1983"]
[BlackElo "1945"]
[PlyCount "69"]
[EventDate "2017.06.09"]
[EventCountry "ENG"]

1. e4 Nc6 2. d4 e5 3. Nf3 exd4 4. Nxd4 Bc5 5. Nb3 Bb6 6. Nc3 Qf6 7. Qd2 Nge7 8.
Qf4 Qe6 9. Be3 Ng6 10. Qg3 Bxe3 11. Qxe3 d6 12. Nd5 Kd8 13. O-O-O Bd7 14. g3
Re8 15. Bg2 a5 16. Qc3 Nge5 17. h3 a4 18. Nd4 Qh6+ 19. f4 Ra5 20. Kb1 Rc5 21.
Qa3 Nxd4 22. Rxd4 Nc4 23. Qb4 Na5 24. Rdd1 Rb5 25. Qd4 Rc5 26. Nc3 b6 27. e5
Rc4 28. Qd3 f6 29. exd6 c5 30. Rhe1 Rxe1 31. Rxe1 Rd4 32. Qa6 Rxd6 33. Qa8+ Bc8
34. Nb5 Rd2 35. Na7 1-0

[Event "Bristol Summer 2017 Fide Open"]
[Site "Bristol"]
[Date "2017.06.11"]
[Round "5.13"]
[White "Mascunano, Juan"]
[Black "Musson, Adam J"]
[Result "0-1"]
[WhiteElo "1637"]
[BlackElo "2086"]
[PlyCount "58"]
[EventDate "2017.06.09"]
[EventCountry "ENG"]

1. d4 Nf6 2. c4 e6 3. Nf3 Bb4+ 4. Bd2 a5 5. a3 Bxd2+ 6. Qxd2 d6 7. Nc3 Nbd7 8.
e4 e5 9. dxe5 dxe5 10. Qg5 O-O 11. O-O-O Qe7 12. Nh4 Nc5 13. Nf3 Re8 14. Nd5
Nxd5 15. Rxd5 f6 16. Qe3 b6 17. Be2 Bb7 18. Rd2 Nxe4 19. Rd3 Qc5 20. Qxc5 Nxc5
21. Rdd1 Ne4 22. Rhf1 Rad8 23. Bd3 Nc5 24. Bc2 a4 25. Nh4 Ba6 26. Nf5 Bxc4 27.
Ne7+ Kf7 28. Rxd8 Rxd8 29. Nc6 Rd6 0-1

[Event "Bristol Summer 2017 Fide Open"]
[Site "Bristol"]
[Date "2017.06.11"]
[Round "5.14"]
[White "Girdlestone, Paul C"]
[Black "Thorpe, Thomas G"]
[Result "1/2-1/2"]
[WhiteElo "2072"]
[BlackElo "1878"]
[PlyCount "77"]
[EventDate "2017.06.09"]
[EventCountry "ENG"]

1. e4 g6 2. d4 Bg7 3. Nc3 c5 4. d5 d6 5. f4 Nf6 6. Bb5+ Nfd7 7. Qf3 a6 8. Be2
b5 9. a4 b4 10. Nd1 Bb7 11. Ne3 Nf6 12. Nh3 O-O 13. O-O a5 14. Bd2 Nbd7 15. Be1
Ba6 16. Bxa6 Rxa6 17. Rd1 Qc7 18. Qe2 Raa8 19. Nc4 Nb6 20. Nxb6 Qxb6 21. e5 Ne8
22. Bh4 Ra7 23. b3 f6 24. exf6 Bxf6 25. Bxf6 Rxf6 26. Ng5 Ng7 27. Ne4 Rf8 28.
g4 Qa6 29. Qg2 Qc8 30. Nd2 Kh8 31. Nc4 Ne8 32. Rde1 Nf6 33. Re6 Qb7 34. Rd1 Ne8
35. Re4 Nf6 36. Re6 Ne8 37. Re4 Nf6 38. Re3 Rf7 39. h3 1/2-1/2

[Event "Bristol Summer 2017 Fide Open"]
[Site "Bristol"]
[Date "2017.06.11"]
[Round "5.15"]
[White "Dunn, Alan"]
[Black "Price, Andrew"]
[Result "1-0"]
[WhiteElo "2072"]
[BlackElo "1805"]
[PlyCount "29"]
[EventDate "2017.06.09"]
[EventCountry "ENG"]

1. d4 Nf6 2. Bf4 d6 3. Nc3 Bf5 4. f3 Nc6 5. e4 e5 6. exf5 exf4 7. Qd2 d5 8.
O-O-O Be7 9. Qxf4 Qd7 10. g4 O-O-O 11. Kb1 Rde8 12. g5 Nh5 13. Qh4 g6 14. fxg6
hxg6 15. Bh3 1-0

[Event "Bristol Summer 2017 Fide Open"]
[Site "Bristol"]
[Date "2017.06.11"]
[Round "5.16"]
[White "Purry, Chris S"]
[Black "Fathallah, Joe"]
[Result "0-1"]
[WhiteElo "1796"]
[BlackElo "1925"]
[PlyCount "64"]
[EventDate "2017.06.09"]
[EventCountry "ENG"]

1. e4 e6 2. d4 d5 3. Nd2 Nf6 4. e5 Nfd7 5. Bd3 c5 6. c3 Nc6 7. Ne2 cxd4 8. cxd4
f6 9. exf6 Nxf6 10. O-O Bd6 11. Nf3 Qc7 12. g3 O-O 13. Nf4 Ne4 14. Bxe4 dxe4
15. Ng5 Bxf4 16. gxf4 h6 17. Nxe4 Rxf4 18. Bxf4 Qxf4 19. Re1 e5 20. dxe5 Nxe5
21. Re3 Bg4 22. Qd5+ Kh8 23. Ng3 Nf3+ 24. Kg2 Rf8 25. Rf1 Bh3+ 26. Kh1 Bxf1 27.
Nxf1 Qg4 28. Ng3 Ng5 29. Qd6 Rc8 30. Qd2 Nh3 31. f3 Qg6 32. Ne2 Nf2# 0-1

[Event "Bristol Summer 2017 Fide Open"]
[Site "Bristol"]
[Date "2017.06.11"]
[Round "5.17"]
[White "Jukes, Sam"]
[Black "Matei, Ciprian"]
[Result "0-1"]
[WhiteElo "1742"]
[BlackElo "1880"]
[PlyCount "38"]
[EventDate "2017.06.09"]
[EventCountry "ENG"]

1. e4 d5 2. exd5 Qxd5 3. d4 Nc6 4. Be3 e5 5. c4 Qa5+ 6. Nc3 Bf5 7. Bd3 exd4 8.
Bxf5 Qxf5 9. Bxd4 O-O-O 10. Nf3 Nxd4 11. Nxd4 Qe5+ 12. Nce2 Bc5 13. O-O Bxd4
14. Nxd4 Rxd4 15. Qa4 Ne7 16. Rfe1 Qd6 17. Re2 Nc6 18. Qc2 Rd8 19. Qf5+ Qd7 0-1

[Event "Bristol Summer 2017 Fide Open"]
[Site "Bristol"]
[Date "2017.06.11"]
[Round "5.18"]
[White "Fowler, Hugo"]
[Black "Livesey, R  Nigel"]
[Result "1-0"]
[WhiteElo "1713"]
[BlackElo "1814"]
[PlyCount "49"]
[EventDate "2017.06.09"]
[EventCountry "ENG"]

1. e4 c6 2. d4 d5 3. Nc3 b5 4. a3 dxe4 5. Nxe4 Bf5 6. Ng3 Bg6 7. h4 h5 8. Nh3
e6 9. Nf4 Bh7 10. c3 Nf6 11. Qf3 Qb6 12. Be2 Nbd7 13. a4 Rc8 14. axb5 cxb5 15.
Be3 Qb8 16. Ra5 b4 17. Rb5 Qc7 18. cxb4 a6 19. Rb7 Qc2 20. O-O Qxb2 21. Bxa6
Rc2 22. Bb5 Bd6 23. Ngxh5 Be4 24. Nxf6+ gxf6 25. Bxd7+ 1-0

[Event "Bristol Summer 2017 Fide Open"]
[Site "Bristol"]
[Date "2017.06.11"]
[Round "5.19"]
[White "Rodriguez, Juan Talavera"]
[Black "Hardy, Roger"]
[Result "1/2-1/2"]
[WhiteElo "1987"]
[BlackElo "1887"]
[PlyCount "65"]
[EventDate "2017.06.09"]
[EventCountry "ENG"]

1. Nf3 Nf6 2. c4 g6 3. b3 Bg7 4. Bb2 O-O 5. g3 c6 6. Bg2 d5 7. d3 Nbd7 8. O-O
Re8 9. Nbd2 e5 10. Qc2 h6 11. cxd5 Nxd5 12. a3 Qe7 13. Rfe1 Kh7 14. Rac1 Nf8
15. b4 f6 16. b5 Be6 17. bxc6 Rac8 18. Qa4 bxc6 19. Ne4 c5 20. Qa5 Nd7 21. Rc2
f5 22. Ned2 N7b6 23. Bxe5 c4 24. dxc4 Rc5 25. Qxc5 Qxc5 26. Bxg7 Kxg7 27. Nb3
Qc8 28. Nbd4 Nf6 29. c5 Nbd5 30. Nb5 Ne4 31. Nfd4 Qa6 32. f3 Nef6 33. e4
1/2-1/2